| 000 | 00877nam a2200265Ia 4500 | ||
|---|---|---|---|
| 005 | 20220316235244.0 | ||
| 008 | 121119s9999 xx 000 j und d | ||
| 020 | _a9589308058 | ||
| 041 | 0 | _aspa | |
| 100 | 1 |
_aEspaña Arenas, Gonzálo, _d1945- |
|
| 245 | 1 | 0 |
_aGalería de bandidos y piratas de América _cGónzalo España ; ilustraciones de María Eugenia Trujillo |
| 250 | _aPrimera edición | ||
| 264 | 1 |
_aBogotá _bGamma _c1993 |
|
| 300 |
_a117 páginas _bilustraciones |
||
| 336 |
_atexto _btxt _2rdacontent |
||
| 337 |
_asin mediación _bn _2rdamedia |
||
| 338 |
_avolumen _bnc _2rdacarrier |
||
| 650 | 1 | 4 |
_2LEMB _aCuentos colombianos _ySiglo XX |
| 650 | 1 | 4 |
_2LEMB _aPiratas _vCuentos |
| 650 | 1 | 4 |
_2LEMB _aBandoleros _vCuentos |
| 700 | 1 |
_aTrujillo, María Eugenia _eilustrador _9116945 |
|
| 942 |
_2loc _cBKLIT |
||
| 040 |
_aCO-BoRNBP _bspa _erda _cCO-BoRNBP |
||
| 084 | _aC ESP1 | ||
| 999 |
_c391 _d391 |
||